Survey on post-suckling piglet diarrhea until 30kg of body weigth at phat seanghun farm, dambae district, thbong khmum province; ការអង្កេតពីជំងឺរាកកូនជ្រូកក្រោយពេលផ្ដាច់ដោះរហូតដល់ ទម្ងន់៣០គីឡូក្រាម នៅក្នុងកសិដ្ឋាន ប៉ានសៀងហ៊ុន ស្រុកដំបែរ ខេត្តត្បូងឃ្មុំ (Record no. 10876)

000 -LEADER
fixed length control field 00800nam a22001337a 4500
040 ## - CATALOGING SOURCE
Transcribing agency RUA
082 ## - DEWEY DECIMAL CLASSIFICATION NUMBER
Classification number VEM KOR 2015 B533 Or.1
100 ## - MAIN ENTRY--AUTHOR NAME
Personal name KORNG KAKADA; កង កក្កដា
245 ## - TITLE STATEMENT
Title Survey on post-suckling piglet diarrhea until 30kg of body weigth at phat seanghun farm, dambae district, thbong khmum province; ការអង្កេតពីជំងឺរាកកូនជ្រូកក្រោយពេលផ្ដាច់ដោះរហូតដល់ ទម្ងន់៣០គីឡូក្រាម នៅក្នុងកសិដ្ឋាន ប៉ានសៀងហ៊ុន ស្រុកដំបែរ ខេត្តត្បូងឃ្មុំ
260 ## - PUBLICATION, DISTRIBUTION, ETC. (IMPRINT)
Place of publication PHNOM PENH
Name of publisher KOR
Year of publication 2015
300 ## - PHYSICAL DESCRIPTION
Number of Pages ix;38p.
Other physical details ill.
Dimensions 29cm.
856 ## - ELECTRONIC LOCATION AND ACCESS
Uniform Resource Identifier KORNG KAKADA
942 ## - ADDED ENTRY ELEMENTS (KOHA)
Koha item type VEM
952 ## - LOCATION AND ITEM INFORMATION (KOHA)
Withdrawn status [LOCAL, KOHA] 0
952 ## - LOCATION AND ITEM INFORMATION (KOHA)
Withdrawn status [LOCAL, KOHA] 0
952 ## - LOCATION AND ITEM INFORMATION (KOHA)
Withdrawn status [LOCAL, KOHA] 0
952 ## - LOCATION AND ITEM INFORMATION (KOHA)
Withdrawn status [LOCAL, KOHA] 0
952 ## - LOCATION AND ITEM INFORMATION (KOHA)
Withdrawn status [LOCAL, KOHA] 0
952 ## - LOCATION AND ITEM INFORMATION (KOHA)
Withdrawn status [LOCAL, KOHA] 0
952 ## - LOCATION AND ITEM INFORMATION (KOHA)
Withdrawn status [LOCAL, KOHA] 0
Holdings
Permanent Location Date acquired Koha item type Lost status Shelving location Barcode Current Location Full call number
Library Block B2016-11-23VEM B533A03238Library Block BVEM KOR 2015 B533 Or.1
Library Block B2016-11-23VEM B533A04079Library Block BVEM KOR 2015 B533 Or.2
Library Block B2016-11-23VEM B533A03305Library Block BVEM KOR 2015 B533 Or.3
Library Block B2016-11-23VEM B533A03798Library Block BVEM KOR 2015 B533 Or.4
Library Block B2016-11-23VEM B533A03301Library Block BVEM KOR 2015 B533 Or.5
Library Block B2016-11-23VEM B533A04381Library Block BVEM KOR 2015 B533 Or.6
Library Block B2016-11-23VEM B533A03220Library Block BVEM KOR 2015 B533 Or.7
មជ្ឈមណ្ឌលឯការនៃសាកលវិទ្យាល័យភូមិន្ទកសិកម្មចំការដូង

Powered by Koha